000 01336nam a2200325 c 4500
003 BLK
005 20180421000443.0
008 180411b bul|||||r ||||||| ||bul||
010 _aKNG00196413000
040 _aBLK
041 _aBUL
_cBUL
080 _aСелскостопански мелиорации
_b631.6
_x
_z631.6
100 1 _aРадулов, Петър Т.
_eпърви автор
_9344342
139 _aРадулов, Петър Т.
_bР 18
245 1 0 _aЕксплоатация на мелиоративна и поливна техника
_bУчебник за студентите от ВТУ А. Кънчев - Русе
_cПетър Т. Радулов.
257 _aBGR
260 Русе
_bВТУ Ангел Кънчев
_c1987
300 _a182 с.
_bс табл., диагр., сх.
_c22 см
380 _a63
500 _aКн. е деп. 1990 г. - Офс. изд. - 248 тир.
650 4 _aСелскостопански мелиорации
_9344343
650 4 _aНапояване - учебници за ВУЗ
_9344344
653 _aнапоителни съоръжения
653 _aучебници за ВУЗ
852 _aЦб 160745
856 4 _qpdf
_u
856 4 _qpdf
_u
942 _cKNG
_n0
944 _aCR
_c17.11.2016
_kСтанимира_Цанева
944 _aED
_c17.11.2016
_kСтанимира_Цанева
999 _c187404
_d187404